La generación del 27 desde dentro

Guardado en:
Detalles Bibliográficos
Autor principal: Rozas, Juan Manuel (Autor)
Formato: Libro
Lenguaje:español
Publicado: Madrid Istmo 1987
Edición:2a. ed
Colección:Bella Bellatrix
Materias:
Etiquetas: Agregar Etiqueta
Sin Etiquetas, Sea el primero en etiquetar este registro!

MARC

LEADER 00000nam a2200000 a 4500
001 UCW9309
003 CL-VaPUC
008 890308e19870000SP |||||||||||||||||spa|d
082 0 4 |a 861.09  |b ROZ  |2 21 
100 0 |a Rozas, Juan Manuel  |e author  |9 314539 
245 1 3 |a La generación del 27 desde dentro 
250 |a 2a. ed 
300 |a 387 p 
942 |c BK 
945 |d 19890308 00:00:00 
260 |a Madrid  |b Istmo  |c 1987 
650 0 |a Poesía española  |9 264938 
650 0 |a Historia y crítica, siglo 20  |9 269384 
583 |a last modification  |c 19890308 00:00:00  |k Rodrigo Vera 
490 0 |a Bella Bellatrix 
999 |c 221317  |d 221315 
952 |0 0  |1 0  |4 0  |6 861_090000000000000_ROZ_1987  |7 0  |8 A  |9 214497  |a FDOPOS  |b BIBEDU  |d 2019-11-15  |i 1231960  |l 1  |o 861.09 ROZ 1987  |p 1231960  |r 2023-04-11  |s 2023-04-05  |w 2019-11-15  |y BK  |k MLH